Constituição federal comentada e legislação constitucional / (Record no. 435)

MARC details
000 -LÍDER
Campo Fixo de Controle 01147nam a2200253 a 4500
001 - NÚMERO DE CONTROLE
Campo de Controle 435
003 - IDENTIFICAÇÃO DO NÚMERO DE CONTROLE
Campo de Controle BR-CuiBMT
005 - DATA E HORA DA ÚLTIMA ATUALIZAÇÃO
Campo de Controle 20231127025344.0
008 - DADOS FIXOS
Dados Fixos 231106s2012 spba 001 0 por d
020 ## - INTERNATIONAL STANDARD BOOK NUMBER
Nº do ISBN 9788520344927
040 ## - AGÊNCIA CATALOGADORA
Código da Agência Catalogadora BR-CuiBMT
Agência que transcreveu o registro BR-CuiBMT
080 ## - Nº DA CLASSIFICAÇÃO DECIMAL UNIVERSAL
Nº edição CDU 2007
Nº Class. CDU 342.4
090 ## - NÚMERO DE CHAMADA
Nº classificação 342.4
Cutter N456c
Ano/Edição 3. ed.
100 1# - ENTRADA PRINCIPAL -- AUTOR PESSOAL
Nome pessoal Nery Júnior, Nelson
245 10 - TÍTULO PRINCIPAL
Título principal Constituição federal comentada e legislação constitucional /
Indicação de responsabilidade Nelson Nery Junior, Rosa Maria de Andrade Nery.
250 ## - EDIÇÃO
Edição 3. ed., rev., atual. e ampl.
260 ## - PUBLICAÇÃO, DISTRIBUIÇÃO, ETC.
Local de publicação São Paulo :
Editora Revista dos Tribunais,
Data 2012.
300 ## - DESCRIÇÃO FÍSICA
N. páginas ou volumes 1871 p. :
Ilustrações il. color. ;
Dimensões 24 cm
500 ## - NOTAS GERAIS
Notas gerais Emendas constitucionais 69/2012 e 70/2012. Lei de Acesso à Informação - Lei 12.527/2011. Nova Lei de Defesa da Concorrência - Lei 12.529/2011. Lei da Ação Direta de Inconstitucionalidade Interventiva - Lei 12.562/2011. Lei de Financiamento de Serviços de Saúde - LC 141/2012. As mais recentes Súmulas do STJ e do STF.
650 ## - ASSUNTO TÓPICO
Cabeçalho tópico ou nome geográfico Direito constitucional
Subdivisão de forma Legislação
Subdivisão geográfica Brasil
650 ## - ASSUNTO TÓPICO
Cabeçalho tópico ou nome geográfico Constituição federal
Subdivisão geográfica Brasil
700 1# - ENTRADA SECUNDÁRIA -- NOME PESSOAL
Nome pessoal Nery, Rosa Maria Andrade,
Datas associadas ao nome 1956-
942 ## - ELEMENTOS DE ENTRADA ADICIONAIS (KOHA)
Fonte de classificação ou esquema de arquivamento Classificação Decimal Universal
Tipo de item do Koha Livros
Holdings
Estado: removido Estado: perdido Fonte de classificação ou esquema de arquivamento Estado: danificado Indisponível para empréstimo Localização permanente Localização atual Data de aquisição Total Checkouts Número de Chamada completo Código de barras Date last seen Número do exemplar Preço efetivo a partir de Tipo de item (Koha)
    Classificação Decimal Universal     Biblioteca da Escola Superior de Contas do TCE/MT Biblioteca da Escola Superior de Contas do TCE/MT 02/04/2013   342.4 N456c 3. ed. BIBTCEMT23110171 06/11/2023 Ex. 1 06/11/2023 Livros
    Classificação Decimal Universal     Biblioteca da Escola Superior de Contas do TCE/MT Biblioteca da Escola Superior de Contas do TCE/MT 02/04/2013   342.4 N456c 3. ed. BIBTCEMT23110511 13/11/2023 Ex. 2 13/11/2023 Livros

Powered by Koha